Experiments in international adjudication
| Titel: | Experiments in international adjudication : historical accounts / edited by Ignacio de La Rasilla (Wuhan University, Institute of International Law, China); Jorge E. Viñuales (University of Cambridge) |
|---|---|
| Beteiligt: | ; |
| Ausgabe: | First paperback edition |
| Veröffentlicht: | Cambridge; New York; Port Melbourne; New Delhi; Singapore : Cambridge University Press, 2021 |
| Umfang: | xi, 327 Seiten |
| Format: | Buch |
| Sprache: | Englisch |
| RVK-Notation: | |
| Andere Ausgaben: |
Erscheint auch als Online-Ausgabe: Experiments in international adjudication. - Cambridge : Cambridge University Press, 2019. - 1 online resource (xi, 327 pages)
Erscheint auch als Online-Ausgabe: Experiments in international adjudication. - Cambridge : Cambridge University Press, 2019. - 1 Online-Ressource (XI, 327 Seiten) |
| ISBN: | 9781108468176 ; 9781108474948 |
| Hinweise zum Inhalt: |
Inhaltsverzeichnis
|
alg: 47853060 001A $00004:28-04-21 001B $00004:24-09-21 $t10:29:57.000 001D $00004:21-09-21 001U $0utf8 001X $00 002@ $0Aau 002C $aText $btxt $2rdacontent 002D $aohne Hilfsmittel zu benutzen $bn $2rdamedia 002E $aBand $bnc $2rdacarrier 003@ $0478530609 003O $01240771679 $aOCoLC 004A $A978-1-108-46817-6 $f: paperback 004A $A978-1-108-47494-8 $f: hardback 004K $09781108474948 006A $02018045885 006C $01135390199 $aOCoLC 007A $01032150440 $aGBV 009P $qpdf/application $3Inhaltsverzeichnis $uhttps://www.gbv.de/dms/spk/sbb/toc/1032150440.pdf $mV:DE-601 010@ $aeng 010E $erda 011@ $a2021 013D $#Beiträge Formschlagwort $#Einzelbeiträge $#Sammelwerk Formschlagwort $74143413-4 $8Aufsatzsammlung [Tsz] $9085562742 021A $aExperiments in international adjudication $dhistorical accounts $hedited by Ignacio de La Rasilla (Wuhan University, Institute of International Law, China); Jorge E. Viñuales (University of Cambridge) 028C $BHerausgeber $#Rasilla, Ignacio de la $#De la Rasilla del Moral, Ignacio $#Rasilla del Moral, Ignacio de la $#Moral, Ignacio de la Rasilla del $#Del Moral, Ignacio de la Rasilla $#La Rasilla del Moral, Ignacio de $#De la Rasilla del Moral, Ignacio $4edt $71150267895 $8De la Rasilla, Ignacio$Z1975- [Tp3] $9424645378 028C $BHerausgeber $#Viñuales, Jorge Enrique $#Vinuales, Jorge Enrique $#Vinuales, Jorge E. $#Viñuales, Jorge $#Vinuales, Jorge $4edt $71052328970 $8Viñuales, Jorge E.$Z1976- [Tp3] $9341279927 032@ $aFirst paperback edition 033A $pCambridge $pNew York $pPort Melbourne $pNew Delhi $pSingapore $nCambridge University Press 034D $axi, 327 Seiten 039D $aErscheint auch als $tExperiments in international adjudication $dCambridge $eCambridge University Press $f2019 $h1 online resource (xi, 327 pages) $z978-1-108-56596-7 $z978-1-108-47494-8 $z978-1-108-46817-6 $nOnline-Ausgabe 039D $aErscheint auch als $tExperiments in international adjudication $dCambridge $eCambridge University Press $f2019 $gFirst published $h1 Online-Ressource (XI, 327 Seiten) $z978-1-108-63877-7 $nOnline-Ausgabe 044A $aArbitration (International law) $S#0 $xHistory $N650 044A $aInternational courts $S#0 $xHistory $N650 044A $aJurisdiction (International law) $S#0 $xHistory $N650 044K $RGerichtsbarkeit $#Internationale Gerichtsbarkeit $74162041-0 $8Internationale Gerichtsbarkeit [Ts1] $9085714003 044K $RInternationale Gerichtsbarkeit $RSchiedsgerichtsbarkeit $#Arbitration (International law) $#Arbitrage international $#Arbitraje internacional $#Internationale Schiedsgerichtsbarkeit $#Internationale Schiedsgerichtsbarkeit $#Internationales Schiedsverfahren $74162055-0 $8Internationale Schiedsgerichtsbarkeit [Ts1] $9085714127 044K $RProzess $RGerichtsbarkeit $RRechtspflege $RGerichtsentscheidung $#Law Cases $#Jurisprudence $#Rechtsprechung $#Rechtsprechung $#Rechtsprechung $#Judikatur $#Spruchpraxis $74115710-2 $8Rechtsprechung [Ts1] $9085350869 045A $aKZ6115 045R $aGeschichte 045T $aINTRECHT $qDE-1a $2FID 045Z $8PR 2569 [Tkv] $9411108093 lok: 47853060 25 exp: 47853060 25 1 #EPN 201B/01 $015-01-26 $t11:33:57.000 201C/01 $015-01-26 201U/01 $0utf8 203@/01 $01332221297 208@/01 $a15-01-26 $ba 209A/01 $aRecht bestellt 2025 $da $f018 $x00 209B/01 $a01810 $x05 209G/01 $aLehrstuhl Kulick $x01 247C/01 $8651018-8 <77/018>Mainz, Universität Mainz, Bereichsbibliothek Rechts- und Wirtschaftswissenschaften $9102599718 lok: 47853060 78 exp: 47853060 78 1 #EPN 201B/01 $007-06-24 $t13:06:45.000 201C/01 $007-06-24 201U/01 $0utf8 203@/01 $01264824386 208@/01 $a07-06-24 $be 209A/01 $a/ $f000 $x00 209A/01 $ab*p $x01 220C/01 $apgar 247C/01 $82080>Marburg/Lahn, Herder-Institut, Forschungsbibliothek, Bibliographieportal $9336309341 lok: 47853060 205 exp: 47853060 205 1 #EPN 201B/01 $024-09-21 $t10:29:58.000 201C/01 $028-04-21 201U/01 $0utf8 203@/01 $01150612010 208@/01 $a21-09-21 $bz 209A/01 $a101 PR 2569 R224 $db $f301 $x00 209C/01 $a6 2021/02697 209C/01 $anel2109pa 209G/01 $a57252715 $x00 247C/01 $8351301-4 <4/301>Marburg, Universität Marburg, Bibliothek Rechtswissenschaften, Juristisches Seminar $9102595119
| LEADER | 00000cam a2200000 c 4500 | ||
|---|---|---|---|
| 001 | 478530609 | ||
| 003 | DE-603 | ||
| 005 | 20210924102957.0 | ||
| 007 | tu | ||
| 008 | 210428s2021 xx |||| | u00||u|eng c | ||
| 010 | |a 2018045885 | ||
| 020 | |a 9781108468176 |c : paperback | ||
| 020 | |a 9781108474948 |c : hardback | ||
| 024 | 3 | |a 9781108474948 | |
| 035 | |a (DE-599)GBV1032150440 | ||
| 035 | |a (OCoLC)1240771679 | ||
| 040 | |a DE-603 |b ger |c DE-603 |d DE-603 |e rda | ||
| 041 | |a eng | ||
| 050 | 0 | |a KZ6115 | |
| 084 | |a INTRECHT |q DE-1a |2 fid | ||
| 084 | |a PR 2569 |0 (DE-625)139619: |0 (DE-603)411108093 |2 rvk | ||
| 245 | 0 | 0 | |a Experiments in international adjudication |b historical accounts |c edited by Ignacio de La Rasilla (Wuhan University, Institute of International Law, China); Jorge E. Viñuales (University of Cambridge) |
| 250 | |a First paperback edition | ||
| 264 | 1 | |a Cambridge |a New York |a Port Melbourne |a New Delhi |a Singapore |b Cambridge University Press |c 2021 | |
| 300 | |a xi, 327 Seiten | ||
| 336 | |a Text |b txt |2 rdacontent | ||
| 337 | |a ohne Hilfsmittel zu benutzen |b n |2 rdamedia | ||
| 338 | |a Band |b nc |2 rdacarrier | ||
| 648 | 7 | |a Geschichte |2 gnd | |
| 650 | 7 | |a Internationale Gerichtsbarkeit |0 (DE-588)4162041-0 |0 (DE-603)085714003 |2 gnd | |
| 650 | 7 | |a Internationale Schiedsgerichtsbarkeit |0 (DE-588)4162055-0 |0 (DE-603)085714127 |2 gnd | |
| 650 | 7 | |a Rechtsprechung |0 (DE-588)4115710-2 |0 (DE-603)085350869 |2 gnd | |
| 655 | 7 | |a Aufsatzsammlung |2 gnd-content |0 (DE-588)4143413-4 |0 (DE-603)085562742 | |
| 700 | 1 | |a De la Rasilla, Ignacio |d 1975- |e Herausgeber |4 edt |0 (DE-603)424645378 |0 (DE-588)1150267895 |2 gnd | |
| 700 | 1 | |a Viñuales, Jorge E. |d 1976- |e Herausgeber |4 edt |0 (DE-603)341279927 |0 (DE-588)1052328970 |2 gnd | |
| 776 | 0 | 8 | |i Erscheint auch als |n Online-Ausgabe |t Experiments in international adjudication |d Cambridge : Cambridge University Press, 2019 |h 1 online resource (xi, 327 pages) |z 9781108565967 |z 9781108474948 |z 9781108468176 |
| 776 | 0 | 8 | |i Erscheint auch als |n Online-Ausgabe |t Experiments in international adjudication |b First published |d Cambridge : Cambridge University Press, 2019 |h 1 Online-Ressource (XI, 327 Seiten) |z 9781108638777 |
| 856 | 4 | 2 | |m V:DE-601 |q pdf/application |u https://www.gbv.de/dms/spk/sbb/toc/1032150440.pdf |3 Inhaltsverzeichnis |
| 924 | 0 | |9 77/018 |a (DE-603)1332221297 |b DE-77-018 |c HES |d d |g Recht bestellt 2025 | |
| 924 | 0 | |9 2080 |a (DE-603)1264824386 |b DE-2080 |c HES |d d |g / | |
| 924 | 0 | |9 4/301 |a (DE-603)1150612010 |b DE-4-301 |c HES |d d |g 101 PR 2569 R224 | |


